The John Adams Presidency - Statistics

General Stats
  • This quiz has been taken 8,788 times
    8,541 since last reset
  • The average score is 13 of 19
Answer Stats
Hint Answer % Correct
Presidential son {John} {Quincy} Adams
92%
Capital of the U.S. at the beginning of his term Philadelphia
88%
Among the first 12 presidents he and his son were the only ones to not own …. Slaves
88%
His Vice President Thomas Jefferson
88%
The U.S. fought a "quasi" war with this country after refusing to pay back war debts France
85%
He defended British soldiers after this event Boston {Massacre}
80%
Home state Massachusetts
80%
Alma mater Harvard
78%
Date of his death {July} {4}, 1826
78%
He became a delegate to this in 1776 {Continental} Congress
75%
Beer malting rabble- rousing cousin {Samuel} Adams
75%
Political party Federalist
71%
Wife's first name Abigail
66%
Pre-Revolutionary vocation Lawyer
66%
British act he led opposition to {Stamp} Act
61%
Unpopular statutes meant to avoid secession Alien and {Sedition} Acts
59%
Quote A government of {laws}, and not of men
26%
Quote Facts are {stubborn} things
21%
Quote ... the United States government is not, in any sense, founded on the {Christian} {religion}*
14%
No matching quizzes found
Score Distribution
Percent of People with Each Score
Percentile by Number Answered
Your Score History
You have not taken this quiz since the last reset